| 000 | 01130nam a2200301 i 4500 | ||
|---|---|---|---|
| 001 | 169718 | ||
| 003 | ES-MaACL | ||
| 005 | 20250827062638.0 | ||
| 007 | t| | ||
| 008 | 081113s2008 sp ||||0| spa d | ||
| 020 | _a978-84-309-4742-3 | ||
| 080 | _a347.97/.99(460)"1985"(094.5) | ||
| 110 | 1 |
_aEspaña _93622 |
|
| 240 | 0 | _aLey Orgánica del poder judicial, 1985 | |
| 245 | 1 | 0 |
_aLey orgánica del poder judicial y estatutos orgánicos / _cedición preparada por José Antonio Colmenero Guerra ; bajo la dirección de Víctor Moreno Catena. |
| 250 | _a22ª ed. | ||
| 260 |
_aMadrid : _bTecnos, _c2008. |
||
| 300 |
_a966 p. ; _c17 cm. |
||
| 490 | 1 |
_aBiblioteca de textos legales ; _v40 |
|
| 500 | _aÍndice. | ||
| 650 | 1 | 4 |
_aAdministración de justicia- _zEspaña- _vLegislación. _99625 |
| 700 | 1 |
_aColmenero Guerra, José Antonio. _939778 |
|
| 700 | 1 |
_aMoreno Catena, Víctor. _983346 |
|
| 830 | 0 |
_aBiblioteca de textos legales ; _v40 _9177271 |
|
| 852 | 4 |
_aES-MaACL _jA-15255 _9 176378 _bR.144049 _cDEPO1 _dOlim: L 347.97(460)"1985" ESP _dOlim: Meseton |
|
| 942 | _2udc | ||
| 999 |
_c169718 _d169718 |
||